Overwatch Nationality Of The Characters - Statistics

General Stats
  • This quiz has been taken 344 times
  • The average score is 21 of 27
Answer Stats
Personnages Answer % Correct
Genji Japan
91%
Hanzo Japan
91%
Mei China
89%
D.VA Korea
89%
Roadhog Australia
88%
Junkrat Australia
88%
Reinhardt Germany
88%
Mercy Germany
88%
Mccree U-S
87%
Reaper U-S
87%
Soldier:76 U-S
87%
Pharah Egypt
84%
Ana Egypt
84%
Widowmaker France
84%
Zarya Russia
84%
Sombra Mexico
83%
Lucio Brazil
81%
Torbjörn Sweden
80%
Brigitte Sweden
80%
Symmetra India
78%
Tracer U-K
77%
Moira Ireland
64%
Zenyatta Nepal
63%
Orisa Numbani
55%
Doomfist Numbani
55%
Winston Horizon Lunar Colony
34%
Wrecking Ball Horizon Lunar Colony
34%
No matching quizzes found
Score Distribution
Percent of People with Each Score
Percentile by Number Answered
Your Score History
You have not taken this quiz